| 000 | 00965cam a2200217 i 4500 | ||
|---|---|---|---|
| 001 | 182401 | ||
| 003 | ES-MaACL | ||
| 005 | 20250614063110.0 | ||
| 008 | 130808e1989sp /// |||| | spa/spa d | ||
| 110 | 1 |
_aEspaña. _bRey (1788-1808: Carlos IV) _9153208 |
|
| 245 | 1 | 0 | _aPragmática-sanción en fuerza de ley, por la qual se establece una Audiencia Real en la provincia de Extremadura, que tendrá su residencia en la villa de Cáceres, baxo las reglas que se expresan |
| 260 |
_aAlmendralejo : _bInstitución Cultural Santa Ana, _c1989 |
||
| 300 |
_a[12 p.] ; _c30 cm. |
||
| 534 |
_pReproducción facsímil de la publicada con el mismo título en: _cAlcalá: en la Imprenta de don Pedro López, 1790 |
||
| 594 | _aCertifica la copia Pedro Escolano de Arrieta | ||
| 597 | _aPortada con escudo real xilográfico | ||
| 852 |
_aES-MaACL _j2323-F-12 _cDEPOF |
||
| 942 |
_2udc _cFOLLETOS _n0 |
||
| 999 |
_c182401 _d182401 |
||